000 00578nam a2200229Ia 4500
003 OSt
005 20220918203016.0
006 a|||||r|||| 00| 0
007 ta
008 220917b |||||||| |||| 00| 0 eng d
024 _a105,457
037 _cTextual
040 _aARTS
_cARTS
_beng
041 _2eng
_aeng
082 _aV3:221wM30, F1.1-F1.4
100 _aCecil
_9106351
245 0 _aLife of Robert Marquis of Salisbury
260 _c1921
650 _aHISTORY
942 _hV3:221wM30, F1.1-F1.4
_cTEXL
_2CC
999 _c228816
_d228816